SATHEECHADESHA KADHAKAL (Record no. 7650)
[ view plain ]
| 000 -LEADER | |
|---|---|
| fixed length control field | 00219nam a22000977a 4500 |
| 082 ## - DEWEY DECIMAL CLASSIFICATION NUMBER | |
| Classification number | 894.812.3 |
| Item number | KAV/S |
| 100 ## - MAIN ENTRY--AUTHOR NAME | |
| Personal name | KAVILPPADU, A B V |
| 245 ## - TITLE STATEMENT | |
| Title | SATHEECHADESHA KADHAKAL |
| 650 ## - SUBJECT ADDED ENTRY--TOPICAL TERM | |
| Topical Term | MALAYALAM SHORT STORIES |
| 942 ## - ADDED ENTRY ELEMENTS (KOHA) | |
| Koha item type | Books |
| Withdrawn status | Lost status | Collection code | Home library | Current library | Date acquired | Full call number | Accession Number | Koha item type |
|---|---|---|---|---|---|---|---|---|
| Withdrawn | Damaged Item | Fiction | Main Library | Main Library | 23/02/2002 | 894.812.3 KAV/S | 01026 | Books |